| 000 | 00898nam a2200241 a 4500 | ||
|---|---|---|---|
| 001 | 000017749 | ||
| 005 | 20200929165222.0 | ||
| 008 | 100331s1993 dr 000 0 spa d | ||
| 040 |
_aDO-SdBNP _bspa _cBNPHU |
||
| 082 |
_aR 920.097293 _bV335c |
||
| 100 | 1 |
_aVásquez, Pedro R. _924880 |
|
| 245 | 1 | 0 |
_aCien dominicanos notables / _cPedro R. Vásquez ; prólogo Virgilio Hoepelman. |
| 260 |
_aSanto Domingo : _bSoto Castillo, _c1993. |
||
| 300 |
_a320 p. ; _c22 cm. |
||
| 500 | _aIncluye datos biográficos del autor. | ||
| 504 | _aIncluye referencias bibliográficas y notas al pie de las páginas | ||
| 651 | 4 |
_aRepública Dominicana _vBIOGRAFÍAS _91083 |
|
| 650 | 4 |
_aLibertadores _zRepública Dominicana _911255 |
|
| 651 | 4 |
_aRepública Dominicana _xHistoria _ySIGLO XIX _96900 |
|
| 700 | 1 |
_aHoepelman, Virgilio, _epról. _911257 |
|
| 910 | _aValidado. Control de calidad BNPHU | ||
| 049 | _aBNPD | ||
| 999 |
_c17274 _d17274 |
||